[Event "WCPL U1850 Cardiff R - N Cardiff B"]
[White "Kong, Emma-Zihan"]
[Black "Choung, Emma"]
[Site "?"]
[Round "2.1"]
[Result "0-1"]
[Date "2025.01.05"]
[WhiteElo "1747"]
[BlackElo "1598"]
[PlyCount "94"]
[GameId "2141609278523392"]
[EventDate "2025.??.??"]

1. d4 Nf6 2. c4 e6 3. g3 c5 4. d5 exd5 5. cxd5 d6 6. Nc3 Be7 7. Bg2 O-O 8. e4 b6 9. e5 Nfd7 10. exd6 Bxd6 11. Nge2 Nf6 12. O-O Bb7 13. Re1 Be5 14. Bf4 Re8 15. Qc2 Na6 16. Bxe5 Rxe5 17. Nf4 Qe7 18. Qd2 Rd8 19. Rxe5 Qxe5 20. Re1 Qd4 21. Qxd4 cxd4 22. Nb5 Nb4 23. Nxd4 Nbxd5 24. Nf5 Kf8 25. Rd1 Rd7 26. Ne3 Nxf4 27. Rxd7 Nxd7 28. Bxb7 Nd3 29. Nd1 Ke7 30. Be4 N7c5 31. Bxd3 Nxd3 32. Kf1 Kd6 33. Ke2 Nc1+ 34. Kd2 Nxa2 35. Ne3 g6 36. Nc4+ Kd5 37. Ne3+ Kd4 38. Ng4 Nb4 39. f3 Nd3 40. b3 Ne5 41. Nxe5 Kxe5 42. Ke3 Kd5 43. h4 h5 44. g4 Kc5 45. gxh5 gxh5 46. f4 a5 47. Kd3 b5 0-1

[Event "WCPL U1850 Cardiff R - N Cardiff B"]
[White "Zheng, Lucas"]
[Black "Enoch, Kristan"]
[Site "?"]
[Round "2.2"]
[Result "1/2-1/2"]
[Date "2025.01.05"]
[WhiteElo "1530"]
[BlackElo "1613"]
[PlyCount "60"]
[GameId "2141609278523393"]
[EventDate "2025.??.??"]

1. e4 e6 2. d4 d5 3. exd5 exd5 4. Nf3 Bd6 5. Bd3 Nf6 6. O-O O-O 7. c3 Bg4 8. Be3 c6 9. Nbd2 Qc7 10. h3 Bxf3 11. Nxf3 Bf4 12. Ng5 Bxe3 13. fxe3 Qg3 14. Nf3 Re8 15. Qd2 Nbd7 16. Rae1 Ne4 17. Qc2 Re6 18. Nd2 f5 19. Re2 Rf8 20. c4 Rh6 21. Rf3 Qd6 22. cxd5 cxd5 23. Qb3 Qc6 24. Bxe4 fxe4 25. Rxf8+ Kxf8 26. Qa3+ Ke8 27. Qxa7 Qb5 28. Qa8+ Ke7 29. Qa3+ Rd6 30. Rf2 Ke6 1/2-1/2

[Event "WCPL U1850 Cardiff R - N Cardiff B"]
[White "Farani Sani, Hamid"]
[Black "Sarwar, Adam"]
[Site "?"]
[Round "2.3"]
[Result "1-0"]
[Date "2025.01.05"]
[WhiteElo "1663"]
[BlackElo "1450"]
[PlyCount "53"]
[GameId "2141609278527490"]
[EventDate "2025.??.??"]

1. f4 d5 2. e3 Nf6 3. c4 c5 4. Nf3 Nc6 5. cxd5 Nxd5 6. Bb5 Bd7 7. Nc3 e6 8. O-O Be7 9. Ne4 O-O 10. b3 a6 11. Be2 f5 12. Nc3 Bf6 13. Bb2 b5 14. a3 Qe7 15. Qc2 b4 16. Nxd5 exd5 17. Bxf6 Rxf6 18. Ne5 Nxe5 19. fxe5 Qxe5 20. Qxc5 bxa3 21. Rxa3 Rc6 22. Qa5 Rh6 23. g3 Qe6 24. Bf3 Bc6 25. Rc1 Bb5 26. Rc5 Rd8 27. Qxd8+ 1-0

[Event "WCPL U1850 Cardiff R - N Cardiff B"]
[White "Hoccom, Sebastian"]
[Black "Gregory, Lloyd"]
[Site "?"]
[Round "2.4"]
[Result "1-0"]
[Date "2025.01.05"]
[WhiteElo "1474"]
[BlackElo "1681"]
[PlyCount "59"]
[GameId "2141609278527491"]
[EventDate "2025.??.??"]

1. e4 e5 2. Nf3 Nc6 3. Nc3 Nf6 4. d4 exd4 5. Nxd4 Bb4 6. Nxc6 bxc6 7. Bd3 d5 8. exd5 O-O 9. dxc6 Nd5 10. Bd2 Bxc3 11. Bxc3 Re8+ 12. Kf1 Nxc3 13. bxc3 Qf6 14. Qh5 g6 15. Qc5 Rb8 16. Qxa7 Qxc3 17. Rd1 Rb2 18. Qxc7 Rxc2 19. Qf4 Rxa2 20. Bc4 Ra7 21. c7 Qxc4+ 22. Qxc4 Ba6 23. Qxa6 Rxa6 24. g4 Raa8 25. Kg2 Rac8 26. Rd7 Kg7 27. Rhd1 Kf6 28. Rd8 Ke7 29. Re1+ Kf8 30. Rexe8+ 1-0

[Event "WCPL U-1850"]
[White "Esteves, Sergio"]
[Black "Stuart, Neil"]
[Site "Bridgend"]
[Round "3.1"]
[Board "1"]
[Annotator "Home"]
[Result "1/2-1/2"]
[Date "2025.02.02"]
[WhiteElo "1862"]
[BlackElo "1827"]
[PlyCount "42"]
[GameId "2141314340757595"]
[EventDate "2025.02.02"]
[EventType "team-tourn"]
[EventCountry "WLS"]
[WhiteTeam "The Full Ponty"]
[BlackTeam "Morriston Extras"]

{[%evp 0,42,11,21,20,5,-29,-1,17,-58,6,5,9,-4,-15,-2,-29,14,-58,-23,38,-71,63,41,106,105,96,68,81,76,37,-142,-236,-166,-127,-125,-143,-150,-139,-139,-141,-141,-134,-130,-147]} 1. e4 c5 2. d4 cxd4 3. c3 Nf6 4. e5 Nd5 5. Qxd4 e6 6. Nf3 Nc6 7. Qe4 f5 8. exf6 Nxf6 9. Qh4 Qc7 10. Bd3 Be7 11. O-O Ne5 12. Nxe5 Qxe5 13. Bg6+ Kf8 14. Nd2 Nd5 15. Nf3 Bxh4 16. Nxe5 d6 17. Nf7 Rg8 18. Bxh7 Kxf7 19. Bxg8+ Kxg8 20. Rd1 Be7 21. c4 Nb4 1/2-1/2

[Event "WCPL U-1850"]
[White "Jenkins, Roger"]
[Black "McGrath, Ethan"]
[Site "Bridgend"]
[Round "3.1"]
[Board "2"]
[Annotator "Home"]
[Result "0-1"]
[Date "2025.02.03"]
[WhiteElo "1728"]
[BlackElo "1785"]
[PlyCount "64"]
[GameId "2141314391461986"]
[EventDate "2025.02.02"]
[EventType "team-tourn"]
[EventCountry "WLS"]
[WhiteTeam "Morriston Extras"]
[BlackTeam "The Full Ponty"]

{[%evp 0,64,11,35,15,27,18,37,35,17,26,20,36,32,62,51,73,70,70,79,88,73,111,153,163,162,181,159,172,184,175,183,173,123,155,127,72,130,107,89,140,146,133,132,121,102,99,50,26,27,45,36,22,-1,4,-17,2,-30,-138,-135,-131,-132,-147,-161,-257,-634,-663]} 1. d4 Nf6 2. c4 g6 3. Nc3 Bg7 4. e4 d6 5. f3 O-O 6. Be3 h6 7. Bd3 Nbd7 8. Nge2 e5 9. Qd2 Kh7 10. O-O-O c5 11. d5 Nb8 12. g4 Ng8 13. Ng3 Na6 14. h4 Nc7 15. Rdg1 a6 16. Kb1 Bd7 17. h5 g5 18. Nf5 Bxf5 19. exf5 f6 20. Qe2 Qd7 21. Bd2 Rfb8 22. Re1 b5 23. Bc2 bxc4 24. Qxc4 Nb5 25. Ka1 Ne7 26. Ba4 Qb7 27. Rb1 Nc8 28. Bb3 Nd4 29. Bd1 Nb6 30. Qd3 Nxd5 31. Nxd5 Qxd5 32. Bc3 Nb3+ 0-1

[Event "WCPL U-1850"]
[White "Jones, Gavin"]
[Black "Golley, Andrew"]
[Site "Bridgend"]
[Round "3.1"]
[Board "3"]
[Annotator "Home"]
[Result "1-0"]
[Date "2025.02.02"]
[WhiteElo "1745"]
[BlackElo "1641"]
[PlyCount "87"]
[GameId "2141315460882540"]
[EventDate "2025.02.02"]
[EventType "team-tourn"]
[EventCountry "WLS"]
[WhiteTeam "The Full Ponty"]
[BlackTeam "Morriston Extras"]

{[%evp 0,87,13,19,31,32,28,25,37,26,41,7,38,21,36,113,67,66,56,63,65,62,64,56,47,96,47,40,49,2,-2,-27,-13,-25,-32,-18,-4,-12,20,23,77,54,12,96,101,69,91,97,92,35,137,8,135,153,192,160,218,-1,156,160,205,126,166,166,163,99,186,157,58,175,150,186,138,139,1,128,123,135,137,179,135,284,47,103,66,89,425,1,541,536]} 1. e4 c6 2. d4 d5 3. Nc3 dxe4 4. Nxe4 Bf5 5. Nc5 Qc7 6. Bd3 Bxd3 7. Nxd3 e6 8. Nf3 Nf6 9. O-O Bd6 10. c4 O-O 11. b3 Nbd7 12. c5 Be7 13. Bf4 Qd8 14. Nfe5 Nxe5 15. Nxe5 Nd5 16. Qd2 Nxf4 17. Qxf4 Bg5 18. Qe4 f5 19. Qe2 Rf6 20. Qc4 Rh6 21. f4 Be7 22. a4 Qe8 23. Nf3 Rd8 24. b4 Qg6 25. Rae1 Rd5 26. b5 Qh5 27. bxc6 bxc6 28. Re3 Bf6 29. Rd3 Kf8 30. Rf2 g5 31. fxg5 Bxg5 32. g3 f4 33. Nxg5 Qxg5 34. Rxf4+ Rf5 35. Rdf3 Rhf6 36. Qb3 Rxf4 37. Rxf4 Rxf4 38. Qb8+ Kg7 39. Qxf4 Qxf4 40. gxf4 Kf6 41. Kf2 Kf5 42. Kf3 h5 43. h3 h4 44. Ke3 1-0

[Event "WCPL U-1850"]
[White "Brown, Sam"]
[Black "Slegg, Gary"]
[Site "Bridgend"]
[Round "3.1"]
[Board "4"]
[Result "0-1"]
[Date "2025.02.02"]
[WhiteElo "1700"]
[BlackElo "1700"]
[PlyCount "66"]
[GameId "2141316692426904"]
[EventDate "2025.02.02"]
[EventType "team-tourn"]
[EventCountry "WLS"]
[WhiteTeam "Morriston Extras"]
[BlackTeam "The Full Ponty"]

1. d4 c5 2. d5 g6 3. c4 b5 4. cxb5 a6 5. bxa6 Bxa6 6. Nc3 d6 7. e4 Bxf1 8. Kxf1 Bg7 9. g3 Nd7 10. Nf3 Ngf6 11. h3 O-O 12. a4 Qb6 13. Qc2 Rfb8 14. Nb5 Qa6 15. Ra3 Ne8 16. Kg2 Nb6 17. b3 Nd7 18. Nd2 Qc8 19. Nc4 Nc7 20. Nxc7 Qxc7 21. Bb2 Rb4 22. Bxg7 Kxg7 23. a5 Qb7 24. Rha1 Ra6 25. Kh2 Nf6 26. Qd3 Ne8 27. e5 dxe5 28. Nxe5 Rd4 29. Qc3 Qxd5 30. Ng4 Nf6 31. Ra4 Nxg4+ 32. hxg4 g5 33. Rxd4 Rh6+ 0-1

[Event "WCPL U-1850"]
[White "Belochkin, David"]
[Black "Wagner, Guy"]
[Site "Bridgend"]
[Round "3.2"]
[Board "1"]
[Result "0-1"]
[Date "2025.02.02"]
[WhiteElo "1587"]
[BlackElo "1805"]
[PlyCount "64"]
[GameId "2141318034075810"]
[EventDate "2025.02.02"]
[EventType "team-tourn"]
[EventCountry "WLS"]
[WhiteTeam "North Cardiff A"]
[BlackTeam "Cardiff Tigers"]

1. d4 e6 2. Nf3 c5 3. e3 Nf6 4. Bd3 cxd4 5. exd4 Be7 6. Bf4 b6 7. O-O O-O 8. c4 Bb7 9. Nc3 d5 10. Qe2 Nbd7 11. Rad1 Rc8 12. Nb5 dxc4 13. Bxc4 Nd5 14. Bg3 Ra8 15. Rfe1 N7f6 16. h3 Bb4 17. Rf1 a6 18. Na3 b5 19. Bd3 Bxa3 20. bxa3 Nc3 21. Qc2 Nxd1 22. Qxd1 Rc8 23. Ne5 Qd5 24. f3 Qxd4+ 25. Kh1 Rfd8 26. Re1 Qa4 27. Qd2 Qxa3 28. Bh4 Rd5 29. Bxf6 gxf6 30. Ng4 Qxd3 31. Nxf6+ Kg7 32. Nh5+ Kh8 0-1

[Event "WCPL U-1850"]
[White "Quinn, Peter"]
[Black "Reckless, Mark"]
[Site "Bridgend"]
[Round "3.2"]
[Board "2"]
[Result "1-0"]
[Date "2025.02.02"]
[WhiteElo "1770"]
[BlackElo "1536"]
[PlyCount "35"]
[GameId "2141319257342126"]
[EventDate "2025.02.02"]
[EventType "team-tourn"]
[EventCountry "WLS"]
[WhiteTeam "Cardiff Tigers"]
[BlackTeam "North Cardiff A"]

1. e4 e5 2. Nf3 Nc6 3. Bc4 Bc5 4. b4 Bxb4 5. c3 Bd6 6. d4 Nf6 7. O-O O-O 8. Re1 a6 9. Bg5 Qe7 10. Nh4 g6 11. Qf3 Kg7 12. Qe3 Rh8 13. Bh6+ Kg8 14. Nf5 Qe8 15. Bg7 gxf5 16. Qg5 Nxe4 17. Rxe4 fxe4 18. Bh6# 1-0

[Event "WCPL U-1850"]
[White "Reckless, Toby"]
[Black "Graczyk, Piotr"]
[Site "Bridgend"]
[Round "3.2"]
[Board "3"]
[Result "0-1"]
[Date "2025.02.02"]
[WhiteElo "1536"]
[BlackElo "1833"]
[PlyCount "92"]
[GameId "2141320145158329"]
[EventDate "2025.02.02"]
[EventType "team-tourn"]
[EventCountry "WLS"]
[WhiteTeam "North Cardiff A"]
[BlackTeam "Cardiff Tigers"]

1. e4 d5 2. exd5 Nf6 3. Nc3 Nxd5 4. Nxd5 Qxd5 5. Nf3 Bg4 6. Be2 e6 7. O-O Bc5 8. b3 O-O 9. Bb2 Nd7 10. h3 Bh5 11. Bc4 Qc6 12. Be2 f6 13. Bd4 Rad8 14. Bxc5 Qxc5 15. Ne1 Bg6 16. Nd3 Qd6 17. Re1 e5 18. Bf3 Bxd3 19. cxd3 Nc5 20. Re3 Nxd3 21. Bxb7 Nc5 22. Bf3 Qxd2 23. Qxd2 Rxd2 24. Rc3 Ne6 25. Rc6 Kf7 26. Ra6 f5 27. g3 e4 28. Bg2 Ra8 29. Rc1 Ke7 30. Bf1 Rd6 31. Rxd6 cxd6 32. Rc6 a5 33. Bc4 Ra7 34. Kf1 Nd4 35. Rc8 Rd7 36. Rg8 Kf6 37. Rf8+ Kg5 38. h4+ Kg4 39. Kg2 d5 40. Ba6 Nf3 41. Bc8 Rc7 42. Bxf5+ Kh5 43. Bxh7 g5 44. Rh8 Kg4 45. Kf1 Rc1+ 46. Ke2 Re1# 0-1

[Event "WCPL U-1850"]
[White "Fox, Chris"]
[Black "Popov, Constantine"]
[Site "Bridgend"]
[Round "3.2"]
[Board "4"]
[Result "1-0"]
[Date "2025.02.02"]
[WhiteElo "1799"]
[BlackElo "1368"]
[PlyCount "97"]
[GameId "2141322660356291"]
[EventDate "2025.02.02"]
[EventType "team-tourn"]
[EventCountry "WLS"]
[WhiteTeam "Cardiff Tigers"]
[BlackTeam "North Cardiff A"]

1. c4 g6 2. d4 Bg7 3. Nc3 c5 4. d5 e6 5. e4 f5 6. Bd3 d6 7. Nge2 Nf6 8. f3 Nbd7 9. O-O Ne5 10. Bg5 h6 11. Bh4 g5 12. Bg3 f4 13. Bf2 b6 14. b3 a6 15. Bc2 Qe7 16. Rc1 Bd7 17. dxe6 Qxe6 18. Nd5 Nxd5 19. cxd5 Qe7 20. Bb1 Bb5 21. Re1 a5 22. Nc3 Ba6 23. Na4 b5 24. Nb2 h5 25. Nd3 Rd8 26. Nxe5 Bxe5 27. Bd3 Ra8 28. Qe2 Qb7 29. Rc2 Qc8 30. Bxb5+ Bxb5 31. Qxb5+ Ke7 32. Qe2 h4 33. h3 Qa6 34. Qxa6 Rxa6 35. Rc4 Rb6 36. Rec1 Rb4 37. Be1 Bd4+ 38. Kf1 Rxc4 39. Rxc4 Ra8 40. Ra4 Rb8 41. Rxa5 Kf6 42. Ra4 Ke5 43. Bf2 Bc3 44. Ke2 Rb4 45. Rxb4 Bxb4 46. Be1 Ba3 47. Kd3 Kf6 48. Kc4 Ke5 49. Bc3# 1-0

[Event "WCPL U-1850"]
[White "Thomas, Kevin"]
[Black "Swamy, Anshul"]
[Site "Bridgend"]
[Round "3.3"]
[Board "1"]
[Result "0-1"]
[Date "2025.02.02"]
[WhiteElo "1840"]
[BlackElo "1665"]
[PlyCount "36"]
[GameId "2141325163339982"]
[EventDate "2025.02.02"]
[EventType "team-tourn"]
[EventCountry "WLS"]
[WhiteTeam "Abergavenny"]
[BlackTeam "North Cardiff B"]

1. e4 c5 2. d4 cxd4 3. c3 dxc3 4. Nxc3 e5 5. Nf3 Nc6 6. Bc4 h6 7. O-O Nf6 8. Qe2 Be7 9. Rd1 O-O 10. Be3 a6 11. Nd5 d6 12. Bb6 Qd7 13. Rac1 Bd8 14. Bb3 Nxd5 15. Bxd8 Nf4 16. Qe3 Qxd8 17. Rxc6 bxc6 18. Nxe5 Qg5 0-1

[Event "WCPL U-1850"]
[White "Zheng, Lucas"]
[Black "Dixon, Chris"]
[Site "Bridgend"]
[Round "3.3"]
[Board "2"]
[Result "1/2-1/2"]
[Date "2025.02.02"]
[WhiteElo "1578"]
[BlackElo "1849"]
[PlyCount "41"]
[GameId "2141326082711769"]
[EventDate "2025.02.02"]
[EventType "team-tourn"]
[EventCountry "WLS"]
[WhiteTeam "North Cardiff B"]
[BlackTeam "Abergavenny"]

1. e4 d5 2. exd5 Qxd5 3. Nc3 Qd8 4. Bc4 Nf6 5. Nf3 a6 6. a4 Nc6 7. d4 Bf5 8. O-O Nb4 9. Ne5 e6 10. Bb3 Bd6 11. Qf3 O-O 12. Bg5 h6 13. Bxf6 Qxf6 14. Nd7 Qh4 15. g3 Qh3 16. Nxf8 Rxf8 17. Ne4 Bg4 18. Qg2 Qh5 19. f3 Bh3 20. Qf2 Bxf1 21. Rxf1 1/2-1/2

[Event "WCPL U-1850"]
[White "Horrell, Steve"]
[Black "Hoccom, Sebastian"]
[Site "Bridgend"]
[Round "3.3"]
[Board "3"]
[Annotator "Home"]
[Result "1-0"]
[Date "2025.02.02"]
[WhiteElo "1795"]
[BlackElo "1474"]
[PlyCount "115"]
[GameId "2141327028949219"]
[EventDate "2025.02.02"]
[EventType "team-tourn"]
[EventCountry "WLS"]
[WhiteTeam "Abergavenny"]
[BlackTeam "North Cardiff B"]

{[%evp 0,30,11,21,-8,19,8,39,8,5,6,-3,24,24,41,42,71,40,62,63,73,56,257,84,145,0,137,136,205,359,249,443,346]} 1. e4 e5 2. Nf3 Nc6 3. d4 exd4 4. Nxd4 Bc5 5. Nxc6 bxc6 6. Nc3 Ne7 7. Bg5 O-O 8. Bd3 Bb7 9. O-O d5 10. e5 Bd4 11. Re1 Bxc3 12. bxc3 Qd7 13. Re3 c5 14. Bxh7+ Kxh7 15. Qh5+ Kg8 16. Rh3 f6 17. exf6 Qxh3 18. Qxh3 gxf6 19. Bf4 Rf7 20. Rb1 Bc6 21. Bxc7 Ng6 22. Bd6 Re8 23. Qh5 Rg7 24. g3 Rd8 25. Rb8 Rxb8 26. Bxb8 Ne5 27. Bxe5 Rg5 28. Qh6 Rxe5 29. Qxf6 Re1+ 30. Kg2 Bb7 31. Qd8+ Kf7 32. Qc7+ Re7 33. Qxc5 d4+ 34. Kf1 Be4 35. cxd4 Kg6 36. f4 Bf3 37. Kf2 Bd1 38. Qc4 Rh7 39. h4 Bg4 40. d5 a5 41. Qa6+ Kg7 42. Qxa5 Rh5 43. Qc7+ Kg6 44. Qc6+ Kf7 45. d6 Rh6 46. Qc7+ Kf6 47. Qe7+ Kf5 48. Qg5+ Ke6 49. Qxh6+ Kf7 50. Qg5 Bc8 51. Qe7+ Kg6 52. Qe8+ Kf5 53. Qxc8+ Ke4 54. d7 Kf5 55. Kf3 Kg6 56. d8=Q Kh6 57. Qg5+ Kh7 58. Qcg8# 1-0

[Event "WCPL U-1850"]
[White "Jamil, Amir"]
[Black "Mills, Paul"]
[Site "Bridgend"]
[Round "3.3"]
[Board "4"]
[Result "0-1"]
[Date "2025.02.02"]
[WhiteElo "1310"]
[BlackElo "1717"]
[PlyCount "96"]
[GameId "2141329835004152"]
[EventDate "2025.02.02"]
[EventType "team-tourn"]
[EventCountry "WLS"]
[WhiteTeam "North Cardiff B"]
[BlackTeam "Abergavenny"]

1. d4 g6 2. e4 Bg7 3. Nf3 d6 4. Nc3 a6 5. Bc4 b5 6. Bb3 Bb7 7. Ng5 e6 8. d5 e5 9. Qf3 Nf6 10. Be3 O-O 11. h4 Bc8 12. O-O-O Bg4 13. Qg3 Bxd1 14. Nxd1 Qd7 15. f4 Qg4 16. Qxg4 Nxg4 17. fxe5 Nxe5 18. Bd4 a5 19. Bxe5 Bxe5 20. a4 b4 21. h5 Bf4+ 22. Kb1 Bxg5 23. hxg6 fxg6 24. Re1 Nd7 25. c4 Rae8 26. c5 Nxc5 27. Bc2 b3 28. Bxb3 Nxb3 29. Nc3 Bd2 30. Re2 Bxc3 31. bxc3 Rf1+ 32. Kc2 Nc5 33. g4 Rxe4 34. Rxe4 Nxe4 35. Kd3 Nc5+ 36. Ke2 Rf4 37. g5 Rxa4 38. Kd2 Ne4+ 39. Kd3 Nxg5 40. c4 h5 41. Ke3 Rxc4 42. Kf2 Rc3 43. Kg2 h4 44. Kh2 Rc2+ 45. Kh1 a4 46. Kg1 a3 47. Kh1 a2 48. Kg1 a1=Q# 0-1

[Event "WCPL U-1850"]
[White "Kong, Emma"]
[Black "Griffiths, Hywel"]
[Site "Bridgend"]
[Round "3.4"]
[Board "1"]
[Result "1-0"]
[Date "2025.02.02"]
[WhiteElo "1798"]
[BlackElo "1803"]
[PlyCount "75"]
[GameId "2141331171016965"]
[EventDate "2025.02.02"]
[EventType "team-tourn"]
[EventCountry "WLS"]
[WhiteTeam "Cardiff Rhelta"]
[BlackTeam "Castell Nedd"]

1. d4 Nf6 2. c4 g6 3. Nc3 Bg7 4. e4 d6 5. Be2 O-O 6. Be3 Nbd7 7. g4 e5 8. g5 Ne8 9. d5 a5 10. h4 f5 11. gxf6 Nexf6 12. h5 Qe8 13. Nb5 Qd8 14. hxg6 Nxe4 15. Qc2 Ndc5 16. gxh7+ Kh8 17. Nf3 Bf5 18. Nh4 Nxf2 19. Qxf5 Nxh1 20. Ng6+ Kxh7 21. Nxf8+ Kg8 22. Qh7+ Kxf8 23. Qxh1 c6 24. dxc6 bxc6 25. Qxc6 Ra6 26. Qf3+ Qf6 27. Qxf6+ Bxf6 28. Nxd6 Bh4+ 29. Kf1 Na4 30. c5 Ra8 31. Rb1 Be7 32. Bb5 Nxc5 33. Bxc5 Rd8 34. Rd1 Rb8 35. a4 Kg8 36. Ke2 Rf8 37. Rg1+ Kh8 38. Rh1+ 1-0

[Event "WCPL U-1850"]
[White "Westcott, Dale"]
[Black "Farani Sami, Hamid"]
[Site "Bridgend"]
[Round "3.4"]
[Board "2"]
[Annotator "Home"]
[Result "0-1"]
[Date "2025.02.02"]
[WhiteElo "1770"]
[BlackElo "1728"]
[PlyCount "86"]
[GameId "2141670140738360"]
[EventDate "2025.02.02"]
[EventType "team-tourn"]
[EventCountry "WLS"]
[WhiteTeam "Castell Nedd"]
[BlackTeam "Cardiff Rhelta"]

{[%evp 0,86,11,26,18,-7,10,-7,0,-6,-4,3,-1,-2,37,36,45,-7,44,35,61,64,57,41,73,66,105,106,109,87,162,127,95,83,106,73,110,92,255,131,251,230,218,184,-62,91,-40,-19,-41,-98,-277,-91,-51,-121,-145,-85,-255,-89,-76,-73,-77,-1,-77,-1,-74,-120,-186,-196,-181,-199,-190,-244,-165,-271,-225,-641,-554,-568,-549,-699,-213,-200,-259,-316,-176,-289,-158,-376,-197]} 1. Nf3 d5 2. g3 Nf6 3. Bg2 c5 4. d4 Nc6 5. O-O e6 6. c4 cxd4 7. Nxd4 Bc5 8. Nb3 Be7 9. cxd5 exd5 10. Nc3 Be6 11. Bf4 h5 12. Nb5 Kf8 13. h4 Rc8 14. N5d4 Ng4 15. Nxe6+ fxe6 16. Nd4 Nxd4 17. Qxd4 Bc5 18. Qd2 e5 19. Bg5 Qb6 20. e3 d4 21. exd4 Bxd4 22. Qe2 g6 23. Qf3+ Kg7 24. Qd5 Rhf8 25. Qd7+ Kg8 26. Bd5+ Kh8 27. Rac1 Bxf2+ 28. Kh1 Rxc1 29. Rxc1 Bxg3 30. Rc8 Qf2 31. Rxf8+ Qxf8 32. Qd8 {(=)} Qxd8 33. Bxd8 b6 34. a4 Kg7 35. Bg5 Bf4 36. Be7 e4 37. Bxe4 Nf2+ 38. Kg2 Nxe4 39. Kf3 Be5 40. Kxe4 Bxb2 41. Bd6 Kf7 42. Bb8 a6 43. Bc7 b5 0-1

[Event "WCPL U-1850"]
[White "Enoch, Stuart"]
[Black "Di Vetta, Andrew"]
[Site "Bridgend"]
[Round "3.4"]
[Board "3"]
[Result "0-1"]
[Date "2025.02.02"]
[WhiteElo "1618"]
[BlackElo "1778"]
[PlyCount "134"]
[GameId "2141672230968147"]
[EventDate "2025.02.02"]
[EventType "team-tourn"]
[EventCountry "WLS"]
[WhiteTeam "Cardiff Rhelta"]
[BlackTeam "Castell Nedd"]

1. c4 Nf6 2. d4 e6 3. Nc3 Bb4 4. Qc2 b6 5. a3 Bxc3+ 6. Qxc3 Bb7 7. Bg5 h6 8. Bh4 g5 9. Bg3 Ne4 10. Qc2 d6 11. f3 Nxg3 12. hxg3 Qf6 13. O-O-O Nc6 14. e3 O-O-O 15. Ne2 g4 16. f4 e5 17. d5 Ne7 18. e4 c6 19. f5 cxd5 20. cxd5+ Kb8 21. Kb1 Rc8 22. Nc3 Rc7 23. Be2 h5 24. Qa4 Rc5 25. Qb4 Nc8 26. Na4 Rc7 27. Rc1 Rxc1+ 28. Rxc1 Qg5 29. Qc3 h4 30. Qc7+ Ka8 31. gxh4 Qxh4 32. Bb5 Qe7 33. Qc3 Kb8 34. Qg3 Qg5 35. Be2 Rg8 36. Rh1 Qd2 37. Nc3 Ne7 38. Rh4 Bxd5 39. Rxg4 Rxg4 40. Qxg4 Bb3 41. Bd1 Qd3+ 42. Ka1 Qf1 43. Qe2 Qg1 44. Kb1 Nc6 45. Kc1 Nd4 46. Qd2 Bxd1 47. Qxd1 Qxg2 48. Qd3 a6 49. Kb1 Kb7 50. Ka2 b5 51. Nd5 Qf3 52. Qxf3 Nxf3 53. Nc3 Nd2 54. b4 Kc6 55. Kb2 Kd7 56. Kc2 Nc4 57. Kb3 Nd2+ 58. Kc2 Nf3 59. Kd3 Nd4 60. Kd2 Ke8 61. Nd5 Kd8 62. Kd3 Kd7 63. Nb6+ Kc6 64. Nd5 Nxf5 65. exf5 Kxd5 66. Ke3 f6 67. Kf3 Kd4 0-1

[Event "WCPL U-1850"]
[White "Heatman, Jordan"]
[Black "Zhuravlev, Andrei"]
[Site "Bridgend"]
[Round "3.4"]
[Board "4"]
[Result "1-0"]
[Date "2025.02.02"]
[WhiteElo "1815"]
[BlackElo "1552"]
[PlyCount "80"]
[GameId "2141674261203804"]
[EventDate "2025.02.02"]
[EventType "team-tourn"]
[EventCountry "WLS"]
[WhiteTeam "Castell Nedd"]
[BlackTeam "Cardiff Rhelta"]

1. e4 e5 2. Bc4 Nc6 3. Nf3 Nf6 4. d4 exd4 5. O-O Bc5 6. e5 d5 7. exf6 dxc4 8. Re1+ Be6 9. fxg7 Rg8 10. Rxe6+ fxe6 11. Ng5 Qf6 12. Qh5+ Qg6 13. Nxh7 Rxg7 14. Nf6+ Kf7 15. Qxg6+ Rxg6 16. Ne4 Bd6 17. Nbd2 Ne5 18. f4 Ng4 19. Nxc4 e5 20. f5 Rg7 21. h3 Nf6 22. Ncxd6+ cxd6 23. Nxd6+ Kg8 24. Bh6 Rd7 25. Nc4 e4 26. Ne5 Rd5 27. Ng6 Kh7 28. Bf4 Rxf5 29. g4 Rc5 30. Nh4 Rxc2 31. Nf5 d3 32. Ne3 Rxb2 33. Rc1 Rd8 34. Be5 Nd5 35. Nxd5 Rxd5 36. Bxb2 d2 37. Rd1 e3 38. Kf1 Rd6 39. Ke2 Re6 40. Bd4 Rd6 1-0

[Event "WCPL, U-1850"]
[Site "Bridgend"]
[Date "2025.02.23"]
[Round "4.1"]
[Board "1"]
[White "Wagner, Guy"]
[Black "Esteves, Sergio"]
[Result "1/2-1/2"]
[WhiteElo "1829"]
[BlackElo "1829"]
[PlyCount "126"]
[GameId "2149251524555578"]
[EventDate "2025.02.25"]
[EventType "team-swiss"]
[EventRounds "6"]
[EventCountry "WLS"]
[WhiteTeam "Cardiff Tigers"]
[BlackTeam "The Full Ponty"]

1. c4 f5 2. g3 Nf6 3. Bg2 g6 4. d4 Bg7 5. Nf3 d6 6. Nc3 O-O 7. O-O a5 8. Qc2 Nc6 9. d5 Nb4 10. Qb3 Na6 11. Be3 Ng4 12. Bd4 Bxd4 13. Nxd4 Nc5 14. Qc2 Nf6 15. e3 Rb8 16. Rad1 e5 17. dxe6 Nxe6 18. b3 Nxd4 19. Rxd4 Qe7 20. Qd2 b6 21. a3 Bb7 22. Bxb7 Rxb7 23. Nd5 Qg7 24. Nxf6+ Rxf6 25. Rd5 Rb8 26. b4 axb4 27. axb4 Ra8 28. Rd1 Rff8 29. c5 bxc5 30. bxc5 dxc5 31. Rxc5 Ra1 32. Qd5+ Kh8 33. Rxa1 Qxa1+ 34. Kg2 Qg7 35. Qb7 Rf7 36. Qc8+ Qg8 37. Rxc7 Rxc7 38. Qxc7 Qd5+ 39. Kh3 Kg8 40. Qb8+ Kg7 41. Qa7+ Kg8 42. Qa4 Qf3 43. Qf4 Qd5 44. g4 fxg4+ 45. Qxg4 Qb5 46. f3 Qf1+ 47. Qg2 Qb5 48. Qa2+ Kg7 49. Qa1+ Kg8 50. Qe1 Qf5+ 51. Kg2 Qg5+ 52. Kh1 Qf5 53. Qe2 h5 54. e4 Qe5 55. Qd2 Kg7 56. Kg2 g5 57. Qd7+ Kg6 58. Qc6+ Kg7 59. Qb7+ Kg6 60. Qb6+ Kg7 61. h4 gxh4 62. Qb7+ Kg6 63. Qb6+ Kg7 1/2-1/2

[Event "WCPL, U-1850"]
[Site "Bridgend"]
[Date "2025.02.23"]
[Round "4.1"]
[Board "2"]
[White "Thomas, Roy"]
[Black "Graczyk, Piotr"]
[Result "1-0"]
[WhiteElo "1839"]
[BlackElo "1832"]
[PlyCount "71"]
[GameId "2149253368517444"]
[EventDate "2025.02.25"]
[EventType "team-swiss"]
[EventRounds "6"]
[EventCountry "WLS"]
[WhiteTeam "The Full Ponty"]
[BlackTeam "Cardiff Tigers"]

1. f4 d5 2. Nf3 Nf6 3. e3 c5 4. Bb5+ Nbd7 5. b3 a6 6. Bd3 Qc7 7. Bb2 b5 8. c4 b4 9. O-O Bb7 10. Be2 e6 11. Ne5 Bd6 12. d4 Rg8 13. Nd2 Bxe5 14. fxe5 Ne4 15. Nxe4 dxe4 16. d5 Nb6 17. d6 Qd7 18. Qe1 O-O-O 19. a3 a5 20. axb4 axb4 21. Ra5 Qc6 22. Rxf7 Nd7 23. Bg4 Rde8 24. Qh4 Kb8 25. Qh3 Nf8 26. Rb5 Nd7 27. Bxe6 Nb6 28. Bd5 Nxd5 29. Rbxb7+ Qxb7 30. Rxb7+ Kxb7 31. cxd5 Rd8 32. Qe6 Kb6 33. d7+ Ka5 34. Qc6 g6 35. Qxc5+ Ka6 36. Bd4 1-0